Online
Catalog

Guillermo Meneses ante la crítica / (Record no. 7222)

MARC details
000 -CABECERA
campo de control de longitud fija 02429cam a2200661 a 4500
001 - NÚMERO DE CONTROL
campo de control 000007441
005 - FECHA Y HORA DE LA ÚLTIMA TRANSACCIÓN
campo de control 20200929154154.0
008 - DATOS DE LONGITUD FIJA--INFORMACIÓN GENERAL
campo de control de longitud fija 930901s1992 ve b 000 0 spa
020 ## - NÚMERO INTERNACIONAL ESTÁNDAR DEL LIBRO
Número Internacional Estándar del Libro 9800105476
040 ## - FUENTE DE LA CATALOGACIÓN
Centro catalogador/agencia de origen DO-SdBNP
Lengua de catalogación spa
Centro/agencia transcriptor LC
Centro/agencia modificador BNPHU
082 ## - NÚMERO DE LA CLASIFICACIÓN DECIMAL DEWEY
Número de clasificación 928.987
Número de documento/Ítem G958m
049 ## - FONDOS LOCALES (OCLC)
Fondos de biblioteca BNGR
245 00 - MENCIÓN DE TÍTULO
Título Guillermo Meneses ante la crítica /
Mención de responsabilidad, etc. Orlando Araujo ... [et al.] ; prólogo Hugo Achugar ; selección y compilación Javier Lasarte y Hugo Achugar.
260 ## - PUBLICACIÓN, DISTRIBUCIÓN, ETC.
Lugar de publicación, distribución, etc. Caracas :
Nombre del editor, distribuidor, etc. Monte Avila,
Fecha de publicación, distribución, etc. 1992.
300 ## - DESCRIPCIÓN FÍSICA
Extensión 279 p. ;
Dimensiones 20 cm.
504 ## - NOTA DE BIBLIOGRAFÍA, ETC.
Nota de bibliografía, etc. Incluye referencias bibliográficas y notas al pie de las páginas.
600 14 - PUNTO DE ACCESO ADICIONAL DE MATERIA--NOMBRE DE PERSONA
Nombre de persona MENESES, GUILLERMO,
Fechas asociadas al nombre 1911-1978
9 (RLIN) 20657
700 1# - PUNTO DE ACCESO ADICIONAL--NOMBRE DE PERSONA
Nombre de persona Araujo, Orlando,
Fechas asociadas al nombre 1928-
9 (RLIN) 14271
700 1# - PUNTO DE ACCESO ADICIONAL--NOMBRE DE PERSONA
Nombre de persona Freilich, Alicia.
9 (RLIN) 20658
700 1# - PUNTO DE ACCESO ADICIONAL--NOMBRE DE PERSONA
Nombre de persona Liscano, Juan.
9 (RLIN) 9018
700 1# - PUNTO DE ACCESO ADICIONAL--NOMBRE DE PERSONA
Nombre de persona Miliani, Domingo.
9 (RLIN) 5169
700 1# - PUNTO DE ACCESO ADICIONAL--NOMBRE DE PERSONA
Nombre de persona Rama, Angel.
9 (RLIN) 20659
700 1# - PUNTO DE ACCESO ADICIONAL--NOMBRE DE PERSONA
Nombre de persona Rivera, Francisco.
9 (RLIN) 20660
700 1# - PUNTO DE ACCESO ADICIONAL--NOMBRE DE PERSONA
Nombre de persona Balza, José.
9 (RLIN) 20661
700 1# - PUNTO DE ACCESO ADICIONAL--NOMBRE DE PERSONA
Nombre de persona Corbalán, Laura.
9 (RLIN) 20662
700 1# - PUNTO DE ACCESO ADICIONAL--NOMBRE DE PERSONA
Nombre de persona Castillo Zapata, Rafael.
9 (RLIN) 14232
700 1# - PUNTO DE ACCESO ADICIONAL--NOMBRE DE PERSONA
Nombre de persona Lasarte Varcárcel, Javier.
9 (RLIN) 20663
700 1# - PUNTO DE ACCESO ADICIONAL--NOMBRE DE PERSONA
Nombre de persona Bohórquez, Douglas.
9 (RLIN) 20664
700 1# - PUNTO DE ACCESO ADICIONAL--NOMBRE DE PERSONA
Nombre de persona Gerendas, Judit.
9 (RLIN) 20665
700 1# - PUNTO DE ACCESO ADICIONAL--NOMBRE DE PERSONA
Nombre de persona Infante, Angel Gustavo.
9 (RLIN) 20666
700 1# - PUNTO DE ACCESO ADICIONAL--NOMBRE DE PERSONA
Nombre de persona Sánchez, Julio César.
9 (RLIN) 20667
700 1# - PUNTO DE ACCESO ADICIONAL--NOMBRE DE PERSONA
Nombre de persona Bueno, Raúl.
9 (RLIN) 20668
700 1# - PUNTO DE ACCESO ADICIONAL--NOMBRE DE PERSONA
Nombre de persona Bravo, Víctor.
9 (RLIN) 13457
700 1# - PUNTO DE ACCESO ADICIONAL--NOMBRE DE PERSONA
Nombre de persona Barrera Linares, Luis.
9 (RLIN) 20669
700 1# - PUNTO DE ACCESO ADICIONAL--NOMBRE DE PERSONA
Nombre de persona Morales Lara, Julio.
9 (RLIN) 20670
700 1# - PUNTO DE ACCESO ADICIONAL--NOMBRE DE PERSONA
Nombre de persona Acosta Saignes, Miguel.
9 (RLIN) 6712
700 1# - PUNTO DE ACCESO ADICIONAL--NOMBRE DE PERSONA
Nombre de persona Angarita Arvelo, Rafael.
9 (RLIN) 20671
700 1# - PUNTO DE ACCESO ADICIONAL--NOMBRE DE PERSONA
Nombre de persona Ramos, Juan.
9 (RLIN) 20672
700 1# - PUNTO DE ACCESO ADICIONAL--NOMBRE DE PERSONA
Nombre de persona Padrón, Julián.
9 (RLIN) 20673
700 1# - PUNTO DE ACCESO ADICIONAL--NOMBRE DE PERSONA
Nombre de persona Croce, Arturo.
9 (RLIN) 20674
700 1# - PUNTO DE ACCESO ADICIONAL--NOMBRE DE PERSONA
Nombre de persona Fabbiani Ruiz, José.
9 (RLIN) 20675
700 1# - PUNTO DE ACCESO ADICIONAL--NOMBRE DE PERSONA
Nombre de persona Magdaleno, Mauricio.
9 (RLIN) 20676
700 1# - PUNTO DE ACCESO ADICIONAL--NOMBRE DE PERSONA
Nombre de persona León, Carlos Augusto.
9 (RLIN) 14691
700 1# - PUNTO DE ACCESO ADICIONAL--NOMBRE DE PERSONA
Nombre de persona Díaz Seijas, Pedro.
9 (RLIN) 20677
700 1# - PUNTO DE ACCESO ADICIONAL--NOMBRE DE PERSONA
Nombre de persona Olivares Figueroa, Rafael.
9 (RLIN) 20678
700 1# - PUNTO DE ACCESO ADICIONAL--NOMBRE DE PERSONA
Nombre de persona Melich Orsini, José.
9 (RLIN) 20679
700 1# - PUNTO DE ACCESO ADICIONAL--NOMBRE DE PERSONA
Nombre de persona Uslar Pietri, Arturo.
9 (RLIN) 9224
700 1# - PUNTO DE ACCESO ADICIONAL--NOMBRE DE PERSONA
Nombre de persona Díaz Solís, Gustavo.
9 (RLIN) 20680
700 1# - PUNTO DE ACCESO ADICIONAL--NOMBRE DE PERSONA
Nombre de persona Díaz Sosa, Carlos.
9 (RLIN) 20681
700 1# - PUNTO DE ACCESO ADICIONAL--NOMBRE DE PERSONA
Nombre de persona Márquez Rodríguez, Alexis.
9 (RLIN) 20682
700 1# - PUNTO DE ACCESO ADICIONAL--NOMBRE DE PERSONA
Nombre de persona Paz Castillo, Fernando.
9 (RLIN) 20683
700 1# - PUNTO DE ACCESO ADICIONAL--NOMBRE DE PERSONA
Nombre de persona Frías, Carlos Eduardo.
9 (RLIN) 20684
700 1# - PUNTO DE ACCESO ADICIONAL--NOMBRE DE PERSONA
Nombre de persona Gerbasi, Vicente.
9 (RLIN) 14392
700 1# - PUNTO DE ACCESO ADICIONAL--NOMBRE DE PERSONA
Nombre de persona Szichman, Mario.
9 (RLIN) 20685
700 1# - PUNTO DE ACCESO ADICIONAL--NOMBRE DE PERSONA
Nombre de persona Lasarte Valcarcel, Javier,
Término indicativo de función/relación comp.
9 (RLIN) 20686
700 1# - PUNTO DE ACCESO ADICIONAL--NOMBRE DE PERSONA
Nombre de persona Achugar, Hugo,
Fechas asociadas al nombre 1944-
Término indicativo de función/relación pról.
-- comp.
9 (RLIN) 20687
910 ## - DATOS DE OPCIÓN DEL USUARIO (OCLC)
Datos de opción del usuario Catalogación por copia / LC
Holdings
Estado de retiro Estado de pérdida Restricciones de uso No para préstamo Código de colección Localización permanente Ubicación/localización actual Ubicación en estantería Fecha de adquisición Número de inventario Total de préstamos Signatura topográfica completa Código de barras Fecha visto por última vez Precio válido a partir de Tipo de ítem Koha
    Préstamo interno   Monografías: Libros y Folletos General General En catalogación 08.09.2009 LF1   928.987 G958m 7441-10 25.06.2020 25.06.2020 Préstamo interno

Powered by Koha